الاسفرايينى : (رقم التسجيلة. 27376)

تفاصيل مارك
000 -LEADER
fixed length control field 011960000a22002650004500
003 - CONTROL NUMBER IDENTIFIER
control field EG-GICUC
005 - DATE AND TIME OF LATEST TRANSACTION
control field 20250223030107.0
008 - FIXED-LENGTH DATA ELEMENTS--GENERAL INFORMATION
fixed length control field 091015s1976 ua f m 000 0 ara d
040 ## - CATALOGING SOURCE
Original cataloging agency EG-GiCUC
Language of cataloging ara
Transcribing agency EG-GiCUC
041 0# - LANGUAGE CODE
Language code of text/sound track or separate title ara
049 ## - LOCAL HOLDINGS (OCLC)
Holding library اهداء
097 ## - Thesis Degree
Thesis Level دكتوراه
099 ## - LOCAL FREE-TEXT CALL NUMBER (OCLC)
Classification number Cai01.06.07.Ph.D.1976.حس.ا
100 0# - MAIN ENTRY--PERSONAL NAME
Personal name حسين البدرى النادى
245 12 - TITLE STATEMENT
Title الاسفرايينى :
Remainder of title مع تحقيق كتاب الضوء شرح المصباح /
Statement of responsibility, etc. حسين البدرى النادى ؛ اشراف عبدالعظيم على الشناوى
260 ## - PUBLICATION, DISTRIBUTION, ETC.
Place of publication, distribution, etc. القاهرة :
Name of publisher, distributor, etc. حسين البدرى النادى :
Date of publication, distribution, etc. 1976
300 ## - PHYSICAL DESCRIPTION
Extent 2مج(531ورقة) ؛
Dimensions 30سم
500 ## - GENERAL NOTE
General note كلية اللغة العربية جامعة الازهر تعادل كلية دار العلوم جامعة القاهرة
502 ## - DISSERTATION NOTE
Dissertation note اطروحة(دكتوراه) - جامعة الازهر - كلية اللغة العربية - قسم النحو و الصرف و العروض
700 0# - ADDED ENTRY--PERSONAL NAME
Personal name عبدالعظيم على الشناوى :
Relator term
856 ## - ELECTRONIC LOCATION AND ACCESS
Uniform Resource Identifier <a href="http://172.23.153.220/th.pdf">http://172.23.153.220/th.pdf</a>
905 ## - LOCAL DATA ELEMENT E, LDE (RLIN)
Cataloger Fatma
Reviser Cataloger
905 ## - LOCAL DATA ELEMENT E, LDE (RLIN)
Cataloger Nazla
Reviser Revisor
942 ## - ADDED ENTRY ELEMENTS (KOHA)
Source of classification or shelving scheme Dewey Decimal Classification
Koha item type Thesis
المقتنيات
Source of classification or shelving scheme Not for loan Home library Current library Date acquired Full call number Barcode Date last seen Copy number Koha item type
Dewey Decimal Classification   المكتبة المركزبة الجديدة - جامعة القاهرة قاعة الرسائل الجامعية - الدور الاول 11.02.2024 Cai01.06.07.Ph.D.1976.حس.ا 01010100001907000 22.09.2023 v.1 Thesis
Dewey Decimal Classification   المكتبة المركزبة الجديدة - جامعة القاهرة قاعة الرسائل الجامعية - الدور الاول 11.02.2024 Cai01.06.07.Ph.D.1976.حس.ا 01010100001907001 22.09.2023 v.2 Thesis
Cairo University Libraries Portal Implemented & Customized by: Eng. M. Mohamady Contacts: new-lib@cl.cu.edu.eg | cnul@cl.cu.edu.eg
CUCL logo CNUL logo
© All rights reserved — Cairo University Libraries
CUCL logo
Implemented & Customized by: Eng. M. Mohamady Contact: new-lib@cl.cu.edu.eg © All rights reserved — New Central Library
CNUL logo
Implemented & Customized by: Eng. M. Mohamady Contact: cnul@cl.cu.edu.eg © All rights reserved — Cairo National University Library